Jesucristo (Record no. 84967)

MARC details
000 -LEADER
campo de control de longitud fija 00465nam a2200169 i 4500
001 - NÚMERO DE CONTROL
campo de control 84967
003 - IDENTIFICADOR DE NÚMERO DE CONTROL
campo de control ES-MaACL
005 - FECHA Y HORA DE LA ÚLTIMA TRANSACCIÓN
campo de control 20230906175144.0
007 - CAMPO FIJO DE DESCRIPCIÓN FÍSICA--INFORMACIÓN GENERAL
campo de control de longitud fija t|
008 - DATOS DE LONGITUD FIJA--INFORMACIÓN GENERAL
campo de control de longitud fija 041124s1964 sp ||||1| spa d
100 1# - ENTRADA PRINCIPAL--NOMBRE DE PERSONA
Nombre de persona López Amat, A.
9 (RLIN) 73398
245 10 - MENCIÓN DEL TÍTULO
Título Jesucristo
Resto del título : biografía en mosaico /
Mención de responsabilidad, etc. A. López Amat, F. Prat.
260 ## - PUBLICACIÓN, DISTRIBUCIÓN, ETC.
Lugar de publicación, distribución, etc. Madrid :
Nombre del editor, distribuidor, etc. Razón y Fé,
Fecha de publicación, distribución, etc. 1964.
300 ## - DESCRIPCIÓN FÍSICA
Extensión XIV, 502 p.
700 1# - ENTRADA AGREGADA--NOMBRE PERSONAL
Nombre de persona Prat, F.
9 (RLIN) 93660
852 ## - LOCALIZACIÓN
Ubicación ES-MaACL
Número de control de estantería C-26329
Sublocalización o colección R.55460
Holdings
Estatus retirado Estado de pérdida Estado de daño No para préstamo Biblioteca de origen Biblioteca actual Ubicación en estantería Fecha de adquisición Fuente de adquisición Total de préstamos Signatura topográfica completa Código de barras Visto por última vez Precio de reemplazo Tipo de ítem Koha
        Biblioteca del Ateneo de Madrid Biblioteca del Ateneo de Madrid Depósito 2 17/01/2008     C-26329 1088792 23/02/2023 23/02/2023 Libro impreso